| 000 | 01196nam a2200265 c 4500 | ||
|---|---|---|---|
| 003 | BLK | ||
| 005 | 20250616103303.0 | ||
| 008 | 180411b bul|||||r ||||||| ||bul|| | ||
| 020 | _a9786190115106 | ||
| 040 | _aBLK | ||
| 041 |
_aBUL _cBUL |
||
| 080 |
_aВътрешна политика. Вж и 329 _b323 _z323(497.2) |
||
| 080 |
_aПолитически подсистеми и институции. Социология на политиката _b316.334.3 _z316.334.3 |
||
| 100 |
_aХристов, Иво Ангелов _eпърви автор _9386703 |
||
| 139 |
_aХристов, Иво Ангелов _bХ 77 |
||
| 245 | 1 | 0 |
_aОтвъд точката на пречупване _cИво Христов |
| 260 |
_aСофия _bИзток-Запад _c2024 _9210881 |
||
| 300 |
_a320 с. _c23 см |
||
| 380 | _a3 | ||
| 650 | 0 |
_aБългария - вътрешна политика - интервюта _9322395 |
|
| 650 | 0 |
_aПреход от комунизъм към демокрация - България _9485358 |
|
| 650 | 0 |
_aСоциология - България _9254673 |
|
| 942 |
_cKNG _n0 _s1 _018 |
||
| 999 |
_c524594 _d524594 |
||
| 944 |
_a30545 _cНора Радева _k30542 _lРусанова Ирена |
||